| 000 | 00949nam a22001937a 4500 | ||
|---|---|---|---|
| 999 |
_c67431 _d67431 |
||
| 005 | 20210327073724.0 | ||
| 008 | 180215b th ||||| |||| 00| 0 tha d | ||
| 040 | _aNALT | ||
| 050 |
_aHF 331.T5 _bห372ป |
||
| 110 | 2 |
_92715 _aหอการค้าไทย |
|
| 245 | 1 | 0 |
_a80 ปี นาวานำทิศ เศรษฐกิจไทย / _cหอการค้าไทย. |
| 260 |
_aกรุงเทพฯ : _bอมรินทร์พริ้นติ้ง แอนด์พับลิชชิ่ง จำกัด (มหาชน), _cม.ป.ป.. |
||
| 300 |
_a234 หน้า : _bภาพประกอบ ; _c26 ซม. |
||
| 610 | 2 | 4 |
_aหอการค้าไทย _925867 _xประวัติ |
| 651 | 0 |
_aไทย _xภาวะเศรษฐกิจ _93477 |
|
| 850 | _aNALT | ||
| 942 |
_cGB _2lcc |
||
| 998 |
_j _kCRON CRON |
||